|
|
|
|
| LEADER |
00731cam a2200229 7i4500 |
| 001 |
0000018839 |
| 005 |
20170218090000.0 |
| 008 |
071120 eng |
| 020 |
|
|
|a 9780071127165
|
| 020 |
|
|
|a 007112716x (pbk.)
|
| 040 |
|
|
|a DLC
|
| 090 |
0 |
0 |
|a HB171.5
|b .M33 1993
|
| 100 |
1 |
|
|a McConnell, Campbell R
|
| 245 |
1 |
0 |
|a Economics :
|b principles, problems, and policies
|c Campbell R. McConnell, Stanley L. Brue.
|
| 250 |
|
|
|a 12th ed.
|
| 260 |
|
|
|a New York:
|b McGraw-Hill,
|c 1993.
|
| 300 |
|
|
|a xxxi, 782 p.:
|b col. ill.;
|c 26 cm.
|
| 500 |
|
|
|a Includes index
|
| 650 |
0 |
0 |
|a Economics
|
| 700 |
1 |
|
|a Brue, Stanley L
|
| 997 |
|
|
|a Business & Accountancy, Faculty
|
| 999 |
|
|
|a 0000019878
|b BOK
|c OPEN SHELF
|e 1st Floor, Shah Alam
|